000 00331nam a22001457a 4500
008 230613b ||||| |||| 00| 0 eng d
020 _a9780803621282
041 _aeng
080 _a610.73
082 _a610.73EAG
100 _a7
101 _aINF
245 _aTHE PROFESSIONAL MEDICAL ASSISTANT
_cEAGLE .SH
942 _2udc
_cBK
999 _c59943
_d59943